000
00241nam a22001217a 4500
040
_c
SY
082
_a
330 OEC 2000 C093
100
_a
OECD
245
_a
Valuing Rural Amenities
260
_a
USA
_b
OCED
_c
2000
300
_a
180p
942
_c
EK
999
_c
11223
_d
11223